000 00599nam a22002291a 4500
001 3591
003 OSt
005 20260204211856.0
008 041208s2000||||ck ||||||b||||||||||spa||
020 _a95841000742
050 _a327 P371r
082 _a327 P371r
100 _aPearson, Frederic S.
245 _aRelaciones internacionales: Situación global en el siglo XX / Frederic S. Pearson
250 _a4
264 _aColombia : McGraw-Hill
300 _a635 p
500 _aIncluye indice
650 _a1.Relaciones Internacionales
700 _aRochester, MartinÌ
942 _2ddc
_cBK
999 _c3591
_d3591